| 000 | 01173aam a2200325 i 4500 | ||
|---|---|---|---|
| 001 | 768714001 | ||
| 003 | CO-MdFUSB | ||
| 005 | 20211216102459.0 | ||
| 007 | ta | ||
| 008 | 211216t1975 sp |||| |||| 00| 0 spa d | ||
| 020 | _a847228171x | ||
| 040 |
_bspa. _aCO-MdFUSB _cCO-MdFUSB _dCO-MdFUSBC _erda |
||
| 041 |
_aspa _heng |
||
| 082 | 0 | 4 |
_a269.24 _223 _bP4811d |
| 100 | 1 |
_aPeters, George W. _eautor |
|
| 240 | _aFocus on Timor Indonesia revival | ||
| 245 | 1 | 3 |
_aEl despertamiento en Indonesia _c/ George W. Peters ; traducido por Samuel Vila Ventura |
| 264 | 1 |
_aBarcelona, España : _bClie, _c[1975] |
|
| 264 | 4 | _c© 1975 | |
| 300 |
_a140 páginas _c; 18 cm |
||
| 336 |
_atexto _btxt _2rdacontent |
||
| 337 |
_2rdamedia _asin mediación _bn |
||
| 338 |
_2rdacarrier _avolumen _bnc |
||
| 505 | _aLa historia del despertamiento. -- Antecedentes históricos del despertamiento. -- El diseño señalado para el despertamiento. -- El fenómeno de los milagros durante el despertamiento. -- Fruto permanente del despertamiento. | ||
| 563 | _aRústico | ||
| 653 | _aAvivamiento | ||
| 700 |
_92027 _aVila, Samuel, _etraductor |
||
| 942 | _cBK | ||
| 945 | _aJTF-925 | ||
| 999 |
_c38451 _d38451 |
||